[Event "NED-chT 0607"]
[Site "Netherlands"]
[Date "2006.12.16"]
[Round "4.2"]
[White "Strating, Sybolt"]
[Black "Reinderman, Dimitri"]
[Result "1/2-1/2"]
[WhiteElo "2279"]
[BlackElo "2496"]
[PlyCount "141"]
[EventDate "2006.09.23"]
[EventType "team-tourn"]
[EventRounds "9"]
[EventCountry "NED"]
[SourceTitle "EXT 2008"]
[Source "ChessBase"]
[SourceDate "2007.11.25"]
[SourceVersion "1"]
[SourceVersionDate "2007.11.25"]
[SourceQuality "1"]
[WhiteTeam "Amstelveen"]
[BlackTeam "Rotterdam SO"]
[WhiteTeamCountry "NED"]
[BlackTeamCountry "NED"]

1. d4 f5 2. g3 Nf6 3. Bg2 g6 4. Nf3 Bg7 5. 0-0 0-0 6. c4 d6 7. Nc3 Qe8 8. d5 a5 9. Nd4 Na6 10. e4 fxe4 11. Nxe4 Nxe4 12. Bxe4 Bh3 13. Re1 Nc5 14. Bh1 Rf7 15. Be3 Qd7 16. Qd2 a4 17. b4 axb3 18. axb3 Re8 19. Ra7 Bxd4 20. Qxd4 Nxb3 21. Qc3 Nc5 22. Bxc5 dxc5 23. Rxb7 Ref8 24. Rb2 Qd6 25. Be4 Rf6 26. Ra1 Bg4 27. Ra5 Bf3 28. Bxf3 Rxf3 29. Qe1 R8f6 30. Re2 Kf7 31. Raa2 Rd3 32. Re3 Rxe3 33. Qxe3 Kg7 34. Ra5 e6 35. Rxc5 exd5 36. Rxd5 Qc6 37. Qd4 Kg8 38. c5 h5 39. Rd8+ Rf8 40. Qd5+ Qxd5 41. Rxd5 Rf6 42. f4 Kf8 43. Kf2 Ke7 44. Ke3 Ra6 45. Re5+ Kf6 46. Re8 Ra2 47. Rc8 Rxh2 48. Rxc7 Rg2 49. Kf3 Rc2 50. Rc8 Rc3+ 51. Kg2 Rc2+ 52. Kh3 Rc3 53. c6 Kg7 54. Kg2 Kh7 55. Kf2 Kg7 56. Rc7+ Kf6 57. Rc8 Kg7 58. c7 Rc2+ 59. Ke3 Rc1 60. Kf3 Rc2 61. f5 gxf5 62. Kf4 Rc4+ 63. Kg5 Rc5 64. Kf4 Rc4+ 65. Kxf5 Rc5+ 66. Kf4 Kh7 67. Ke4 Kg7 68. Kd4 Rc1 69. Ke5 Rc2 70. Ke6 Rc1 71. Kd6 1/2-1/2

[Event "NED-chT 0607"]
[Site "Netherlands"]
[Date "2006.09.23"]
[Round "1.4"]
[White "De Jong, Jan Willem"]
[Black "Strating, Sybolt"]
[Result "1/2-1/2"]
[WhiteElo "2409"]
[BlackElo "2279"]
[PlyCount "94"]
[EventDate "2006.09.23"]
[EventType "team-tourn"]
[EventRounds "9"]
[EventCountry "NED"]
[SourceTitle "CBM 115 Extra"]
[Source "ChessBase"]
[SourceDate "2007.01.10"]
[SourceVersion "1"]
[SourceVersionDate "2007.01.10"]
[SourceQuality "1"]
[WhiteTeam "Calder HMC"]
[BlackTeam "Amstelveen"]
[WhiteTeamCountry "NED"]
[BlackTeamCountry "NED"]

1. d4 d5 2. c4 c6 3. Nc3 Nf6 4. e3 a6 5. Nf3 Bf5 6. Bd3 Bxd3 7. Qxd3 Nbd7 8. 0-0 e6 9. e4 dxe4 10. Nxe4 Nxe4 11. Qxe4 Be7 12. Bd2 0-0 13. Rfd1 Re8 14. Bc3 Rc8 15. Rd3 Bf6 16. Rad1 Qc7 17. Qg4 b5 18. Ng5 Bxg5 19. Qxg5 f6 20. Qh5 bxc4 21. Rh3 Nf8 22. Qc5 Qb7 23. Qxc4 Qb5 24. Qd3 Qxd3 25. Rhxd3 Red8 26. Kf1 Rd5 27. Ke2 Rb8 28. b3 Ng6 29. g3 Ne7 30. h4 Kf7 31. Rc1 Ke8 32. Rc2 Rbd8 33. Bb2 Kd7 34. Bc3 h5 35. Bd2 Nf5 36. Be3 Kc7 37. Rcd2 Kb7 38. Rd1 R8d7 39. R1d2 Nd6 40. Rd1 Nb5 41. R1d2 Rd8 42. a4 Nd6 43. f3 Nf5 44. Bf2 Rg8 45. Rd1 Rgd8 46. R3d2 R5d7 47. Rd3 Rd5 1/2-1/2

[Event "Amsterdam ACT op 3rd"]
[Site "Amsterdam"]
[Date "2006.07.17"]
[Round "3"]
[White "Holzke, Frank"]
[Black "Strating, Sybolt"]
[Result "1-0"]
[WhiteElo "2472"]
[BlackElo "2279"]
[PlyCount "61"]
[EventDate "2006.07.15"]
[EventType "swiss"]
[EventRounds "9"]
[EventCountry "NED"]
[SourceTitle "CBM 113 Extra"]
[Source "ChessBase"]
[SourceDate "2006.09.14"]
[SourceVersion "1"]
[SourceVersionDate "2006.09.14"]
[SourceQuality "1"]

1. e4 c6 2. d4 d5 3. Nc3 dxe4 4. Nxe4 Nd7 5. Ng5 Ngf6 6. Bd3 g6 7. N1f3 Bg7 8. Qe2 h6 9. Ne6 fxe6 10. Bxg6+ Kf8 11. 0-0 Ne8 12. Re1 Nd6 13. c4 b5 14. Ne5 Nxe5 15. dxe5 Nf5 16. Qf3 bxc4 17. Rd1 Bd7 18. g4 Qc8 19. gxf5 exf5 20. Rxd7 Qxd7 21. Bxf5 Qd5 22. Be4+ Qf7 23. Bf4 h5 24. Kh1 Bh6 25. Bxh6+ Rxh6 26. Qe3 Rh8 27. Rg1 Rd8 28. Bg6 Qd5+ 29. f3 Qd2 30. Qe4 e6 31. Qh4 1-0

[Event "Haarlem Nova College op"]
[Site "Haarlem"]
[Date "2006.07.09"]
[Round "5"]
[White "Milov, Leonid"]
[Black "Strating, Sybolt"]
[Result "1-0"]
[WhiteElo "2504"]
[BlackElo "2271"]
[PlyCount "75"]
[EventDate "2006.07.07"]
[EventType "swiss"]
[EventRounds "6"]
[EventCountry "NED"]
[SourceTitle "CBM 113 Extra"]
[Source "ChessBase"]
[SourceDate "2006.09.14"]
[SourceVersion "1"]
[SourceVersionDate "2006.09.14"]
[SourceQuality "1"]

1. e4 c6 2. d4 d5 3. Nd2 dxe4 4. Nxe4 Nd7 5. Bd3 Ngf6 6. Ng5 g6 7. N1f3 Bg7 8. 0-0 h6 9. Ne6 fxe6 10. Bxg6+ Kf8 11. Qe2 Nb6 12. Ne5 Bd7 13. Nf7 Qc7 14. Nxh8 Bxh8 15. Bxh6+ Bg7 16. Qe3 Nc4 17. Qg5 Qa5 18. Bxg7+ Kxg7 19. Qxa5 Nxa5 20. Bd3 b5 21. Rfe1 Nc4 22. b3 Nd6 23. Re5 Rh8 24. f3 Nd5 25. c4 Nb4 26. Bf1 Kf6 27. g4 Nf7 28. Rd1 a6 29. Re2 a5 30. a3 Na6 31. f4 bxc4 32. Re5 Nb8 33. Rxa5 cxb3 34. Rb1 c5 35. Rxc5 Nd6 36. Rxb3 Nc6 37. Rd3 Rc8 38. Rc1 1-0